| 000 | 01061cam a2200313 a 4500 | ||
|---|---|---|---|
| 001 | 28376 | ||
| 005 | 20230410130544.0 | ||
| 008 | 050620s2007 nyu b 000 0 eng | ||
| 035 | _a14009166 | ||
| 925 | 0 |
_aacquire _b1 shelf copy _xpolicy default |
|
| 942 |
_2lcc _cbk |
||
| 010 | _a 2005050881 | ||
| 020 | _a9780195301168 (alk. paper) | ||
| 020 | _a0195301161 (alk. paper) | ||
| 040 |
_aDLC _cDLC _dDLC |
||
| 042 | _apcc | ||
| 043 | _an-us--- | ||
| 050 | 1 | 4 |
_aPN 1992.3 _bT267 2006 |
| 082 | 0 | 0 |
_a791.45/0973 _222 |
| 245 | 0 | 0 |
_aTelevision : _bthe critical view / _cedited by Horace Newcomb. |
| 250 | _a7th ed. | ||
| 260 |
_aNew York : _bOxford University Press, _c2006. |
||
| 300 |
_axiii, 671p. ; _c24 cm. |
||
| 504 | _aIncludes bibliographical references. | ||
| 650 | 0 |
_aTelevision broadcasting _zUnited States. |
|
| 700 | 1 | _aNewcomb, Horace. | |
| 856 | 4 | 2 |
_3Publisher description _uhttp://www.loc.gov/catdir/enhancements/fy0638/2005050881-d.html |
| 856 | 4 | 1 |
_3Table of contents only _uhttp://www.loc.gov/catdir/enhancements/fy0638/2005050881-t.html |
| 999 |
_c76051 _d76051 |
||